000 00568nam a22001937a 4500
005 20240318162837.0
010 _aENG-97307 ENG-139766
020 _a 9789380283265
_c490.00
035 _aEN-80840
035 _aEN-123298
037 _bDBAD/PUB
082 _aN
100 _aBhattacharya, Soumya
_963511
245 _aIf i could tell you /
_cBy Soumya Bhattacharya
260 _aChennai
_bTranquebar Press
_c2009
270 _a571, Poonamallee High Road, Kamraj Bhavan, Aminijikarai,
_bChennai
_e600029
300 _a200p.
_c21cm, (Hb)
942 _2ddc
_cEN
_hN
_mBHA
999 _c38106
_d38106